[Event "BEL-chT 1112"]
[Site "Belgium"]
[Date "2012.03.04"]
[Round "9.4"]
[White "Bezemer, Arno J"]
[Black "Renette, Hans"]
[Result "1/2-1/2"]
[WhiteElo "2351"]
[BlackElo "2348"]
[PlyCount "58"]
[EventDate "2011.10.09"]
[EventType "team-tourn"]
[EventRounds "11"]
[EventCountry "BEL"]
[SourceTitle "EXT 2013"]
[Source "ChessBase"]
[SourceDate "2012.11.22"]
[SourceVersion "1"]
[SourceVersionDate "2012.11.22"]
[SourceQuality "1"]
[WhiteTeam "Jean Jaures"]
[BlackTeam "Anderlecht"]
[WhiteTeamCountry "BEL"]
[BlackTeamCountry "BEL"]

1. e4 e5 2. Nf3 Nc6 3. d4 exd4 4. Nxd4 Nf6 5. Nxc6 bxc6 6. e5 Qe7 7. Qe2 Nd5 8. Nd2 Bb7 9. Nf3 0-0-0 10. c4 Nb6 11. Bg5 Qb4+ 12. Qd2 Re8 13. Qxb4 Bxb4+ 14. Kd1 Ba6 15. Rc1 Be7 16. Be3 c5 17. b3 Bb7 18. Be2 d6 19. exd6 cxd6 20. Rc2 Be4 21. Rd2 d5 22. Kc1 h6 23. h4 a5 24. Bf4 dxc4 25. bxc4 Bf6 26. Be3 Na4 27. Bd1 Nb6 28. Be2 Na4 29. Bd1 Nb6 1/2-1/2

[Event "Leuven op 23rd"]
[Site "Leuven"]
[Date "2011.11.10"]
[Round "1"]
[White "Van der Vurst, Arne"]
[Black "Renette, Hans"]
[Result "0-1"]
[WhiteElo "2008"]
[BlackElo "2348"]
[PlyCount "52"]
[EventDate "2011.11.10"]
[EventType "swiss"]
[EventRounds "7"]
[EventCountry "BEL"]
[SourceTitle "CBM 145 Extra"]
[Source "ChessBase"]
[SourceDate "2012.01.03"]
[SourceVersion "1"]
[SourceVersionDate "2012.01.03"]
[SourceQuality "1"]

1. e4 e5 2. Nc3 Nf6 3. Bc4 Nc6 4. f4 Bb4 5. d3 0-0 6. Nf3 d5 7. exd5 Nxd5 8. Bxd5 Qxd5 9. Bd2 Bxc3 10. Bxc3 e4 11. Ne5 Nxe5 12. fxe5 Be6 13. 0-0 Rad8 14. Kh1 exd3 15. cxd3 Qxd3 16. Qa4 a6 17. Qh4 Rd7 18. Rad1 Qxd1 19. Rxd1 Rxd1+ 20. Be1 Bxa2 21. Kg1 Be6 22. Kf2 Rd5 23. Bc3 b5 24. Qg3 c5 25. Ke2 Re8 26. Kf1 b4 0-1

[Event "Geraardsbergen op 26th"]
[Site "Geraardsbergen"]
[Date "2010.08.13"]
[Round "5"]
[White "Renette, Hans"]
[Black "Goormachtigh, Johan"]
[Result "1/2-1/2"]
[WhiteElo "2348"]
[BlackElo "2282"]
[PlyCount "38"]
[EventDate "2010.08.11"]
[EventType "swiss"]
[EventRounds "9"]
[EventCountry "BEL"]
[SourceTitle "CBM 138 Extra"]
[Source "ChessBase"]
[SourceDate "2010.10.29"]
[SourceVersion "1"]
[SourceVersionDate "2010.10.29"]
[SourceQuality "1"]

1. d4 Nf6 2. c4 g6 3. Nc3 d5 4. e3 Bg7 5. cxd5 Nxd5 6. Nxd5 Qxd5 7. Ne2 0-0 8. Nc3 Qd8 9. Be2 c6 10. 0-0 e5 11. dxe5 Bxe5 12. e4 Qxd1 13. Rxd1 Be6 14. Be3 Nd7 15. f4 Bc7 16. g4 Bb6 17. Bxb6 Nxb6 18. f5 Bc4 19. Bf3 f6 1/2-1/2

[Event "Ghent Taminco op 33rd"]
[Site "Ghent"]
[Date "2010.07.20"]
[Round "7"]
[White "Sminia, Jelmer"]
[Black "Renette, Hans"]
[Result "1-0"]
[WhiteElo "2179"]
[BlackElo "2348"]
[PlyCount "81"]
[EventDate "2010.07.17"]
[EventType "swiss"]
[EventRounds "9"]
[EventCountry "BEL"]
[SourceTitle "CBM 137 Extra"]
[Source "ChessBase"]
[SourceDate "2010.09.01"]
[SourceVersion "1"]
[SourceVersionDate "2010.09.01"]
[SourceQuality "1"]

1. e4 e5 2. Nf3 Nc6 3. Bc4 Nf6 4. d3 Be7 5. 0-0 0-0 6. Re1 d6 7. c3 Na5 8. Bb5 a6 9. Ba4 c5 10. d4 b5 11. Bc2 cxd4 12. cxd4 Nc6 13. d5 Nb4 14. Bb3 a5 15. a4 bxa4 16. Bxa4 Ba6 17. Nc3 Nd3 18. Re3 Nxf2 19. Kxf2 Ng4+ 20. Kg1 Qb6 21. Qe1 f5 22. exf5 Rxf5 23. Bd7 Rf4 24. Bxg4 Rxg4 25. h3 Rf4 26. Kh2 Raf8 27. Ne4 Bc8 28. Raa3 Qb7 29. Qxa5 Bf5 30. Reb3 Qc8 31. Rc3 Qe8 32. Ng3 Bd8 33. Qa6 Bd7 34. Qe2 Rb4 35. Ng5 Bb6 36. Rf3 Rxf3 37. Qxf3 e4 38. N5xe4 h5 39. Nxd6 Qg6 40. Ra8+ Kh7 41. Nf7 1-0

[Event "Ghent Taminco op 33rd"]
[Site "Ghent"]
[Date "2010.07.18"]
[Round "3"]
[White "Ackaert, Thierry"]
[Black "Renette, Hans"]
[Result "0-1"]
[WhiteElo "2056"]
[BlackElo "2348"]
[PlyCount "116"]
[EventDate "2010.07.17"]
[EventType "swiss"]
[EventRounds "9"]
[EventCountry "BEL"]
[SourceTitle "CBM 137 Extra"]
[Source "ChessBase"]
[SourceDate "2010.09.01"]
[SourceVersion "1"]
[SourceVersionDate "2010.09.01"]
[SourceQuality "1"]

1. b4 c6 2. c4 d5 3. cxd5 cxd5 4. Bb2 e6 5. e3 Nf6 6. a3 a5 7. b5 Bd6 8. Nf3 Nbd7 9. Be2 0-0 10. Nc3 Qe7 11. h4 Nb6 12. h5 e5 13. Qb1 Bg4 14. Ng5 Bxe2 15. Nxe2 Qd7 16. f4 Nc4 17. fxe5 Bxe5 18. Bxe5 Nxe5 19. 0-0 Neg4 20. Nd4 h6 21. Nh3 Nxh5 22. Nf4 Ng3 23. Rf3 Ne4 24. Qb2 Ne5 25. Raf1 Nc4 26. Qa1 Ncxd2 27. Nh5 Nxf3+ 28. Rxf3 f6 29. Nf4 Rac8 30. Qa2 Rc4 31. Ng6 Re8 32. Nf5 Kh7 33. Nfh4 Qc7 34. Rf4 Qc5 35. Qe2 Ng3 36. Qg4 Qxe3+ 37. Kh2 Nf1+ 38. Kh1 Ng3+ 39. Kh2 Rc1 40. Nf3 Ne4 41. Qf5 Nd6 42. Nf8+ Kg8 43. Qxd5+ Kxf8 44. Qxd6+ Qe7 45. Qd3 Qc7 46. Qf5 Rc4 47. g3 Rxf4 48. gxf4 Qc8 49. Qd5 Qg4 50. Nd4 Qxf4+ 51. Kg1 Re1+ 52. Kg2 Qe4+ 53. Qxe4 Rxe4 54. Nf5 g6 55. Nd6 Re5 56. a4 b6 57. Nc8 Re6 58. Na7 Ke8 0-1

[Event "BEL-chT 0910"]
[Site "Belgium"]
[Date "2010.01.24"]
[Round "7"]
[White "Renette, Hans"]
[Black "Siebrecht, Sebastian"]
[Result "1-0"]
[WhiteElo "2320"]
[BlackElo "2468"]
[PlyCount "77"]
[EventDate "2009.09.27"]
[EventType "team-tourn"]
[EventRounds "11"]
[EventCountry "BEL"]
[SourceTitle "EXT 2011"]
[Source "ChessBase"]
[SourceDate "2010.11.26"]
[SourceVersion "1"]
[SourceVersionDate "2010.11.26"]
[SourceQuality "1"]
[WhiteTeam "Liege Crelel"]
[BlackTeam "KSK Rochade"]
[WhiteTeamCountry "BEL"]
[BlackTeamCountry "BEL"]

1. d4 f5 2. Nf3 Nf6 3. g3 g6 4. Bg2 Bg7 5. 0-0 0-0 6. c3 c6 7. Nbd2 Qe8 8. Re1 d5 9. Ne5 Nbd7 10. f4 Ne4 11. Nxe4 Nxe5 12. fxe5 fxe4 13. Qb3 Rf7 14. c4 e6 15. a4 b6 16. a5 Ba6 17. cxd5 exd5 18. axb6 Bc4 19. Qc3 c5 20. Be3 Qb5 21. dxc5 Qe8 22. Bd4 axb6 23. Rxa8 Qxa8 24. cxb6 Qa6 25. Bh3 Re7 26. Qb4 Re8 27. e3 Bf8 28. Bc5 Bxc5 29. Qxc5 Qb7 30. Qc7 Rb8 31. e6 Ba6 32. e7 Kf7 33. Qf4+ Kxe7 34. Qh4+ Kd6 35. Qf6+ Kc5 36. b4+ Kxb4 37. Qd6+ Kb3 38. Ra1 Qxb6 39. Rb1+ 1-0

[Event "Geraardsbergen op 25th"]
[Site "Geraardsbergen"]
[Date "2009.08.16"]
[Round "9"]
[White "Ringoir, Tanguy"]
[Black "Renette, Hans"]
[Result "1/2-1/2"]
[WhiteElo "2406"]
[BlackElo "2320"]
[PlyCount "46"]
[EventDate "2009.08.12"]
[EventType "swiss"]
[EventRounds "9"]
[EventCountry "BEL"]
[SourceTitle "CBM 132 Extra"]
[Source "ChessBase"]
[SourceDate "2009.11.03"]
[SourceVersion "1"]
[SourceVersionDate "2009.11.03"]
[SourceQuality "1"]

1. e4 e5 2. Nf3 Nc6 3. Bb5 a6 4. Ba4 Nf6 5. Qe2 b5 6. Bb3 Be7 7. 0-0 0-0 8. c3 d6 9. Rd1 Bg4 10. h3 Bh5 11. d3 Na5 12. Bc2 c5 13. Nbd2 Qc7 14. Nf1 Nc6 15. Ne3 Rae8 16. a4 b4 17. Nf5 d5 18. Bg5 bxc3 19. bxc3 d4 20. cxd4 Nxd4 21. N5xd4 cxd4 22. Bxf6 Bxf3 23. Qxf3 Bxf6 1/2-1/2

[Event "Geraardsbergen op 25th"]
[Site "Geraardsbergen"]
[Date "2009.08.13"]
[Round "4"]
[White "Alienkin, Aleksander"]
[Black "Renette, Hans"]
[Result "1/2-1/2"]
[WhiteElo "2402"]
[BlackElo "2320"]
[PlyCount "61"]
[EventDate "2009.08.12"]
[EventType "swiss"]
[EventRounds "9"]
[EventCountry "BEL"]
[SourceTitle "CBM 132 Extra"]
[Source "ChessBase"]
[SourceDate "2009.11.03"]
[SourceVersion "1"]
[SourceVersionDate "2009.11.03"]
[SourceQuality "1"]

1. e4 e5 2. Nf3 Nc6 3. Bb5 a6 4. Ba4 Nf6 5. d3 d6 6. c3 Be7 7. Nbd2 0-0 8. 0-0 b5 9. Bb3 Na5 10. Bc2 c5 11. Re1 Nd7 12. Nf1 Nb6 13. d4 cxd4 14. cxd4 exd4 15. Nxd4 Bf6 16. b3 Re8 17. Be3 Bb7 18. Qd2 Nc6 19. Nxc6 Bxc6 20. Rad1 Re6 21. Ng3 Qc7 22. Bb1 Qb7 23. Nf5 Rd8 24. Nd4 Ree8 25. Nxc6 Qxc6 26. Rc1 Qb7 27. Qa5 Na8 28. Qb4 Nc7 29. Red1 d5 30. f3 d4 31. Bd2 1/2-1/2

[Event "BEL-chT 0809"]
[Site "Belgium"]
[Date "2009.02.15"]
[Round "9"]
[White "Renette, Hans"]
[Black "Safranska, Anda"]
[Result "1/2-1/2"]
[WhiteElo "2281"]
[BlackElo "2314"]
[PlyCount "61"]
[EventDate "2008.10.05"]
[EventType "team-tourn"]
[EventRounds "11"]
[EventCountry "BEL"]
[SourceTitle "EXT 2010"]
[Source "ChessBase"]
[SourceDate "2010.11.25"]
[SourceVersion "1"]
[SourceVersionDate "2010.11.25"]
[SourceQuality "1"]
[WhiteTeam "Liege Crelel"]
[BlackTeam "Bredene"]
[WhiteTeamCountry "BEL"]
[BlackTeamCountry "BEL"]

1. d4 d6 2. Nf3 g6 3. g3 Bg7 4. Bg2 Nf6 5. 0-0 0-0 6. b3 Nc6 7. Bb2 Bf5 8. c4 Rb8 9. Nc3 a6 10. d5 Na7 11. Nd4 Bd7 12. Rc1 c5 13. dxc6 Nxc6 14. Nxc6 bxc6 15. c5 d5 16. Na4 Qc7 17. f4 Rbd8 18. Qd2 Bf5 19. Be5 Qb7 20. Rfd1 Ne4 21. Bxe4 Bxe4 22. Bxg7 Kxg7 23. Nc3 Bf5 24. Qe1 Rfe8 25. e4 Bg4 26. Rd4 dxe4 27. Qxe4 Qc7 28. Re1 Qa5 29. Na4 Rxd4 30. Qxd4+ Kg8 31. Qc3 1/2-1/2

[Event "BEL-chT 0809"]
[Site "Belgium"]
[Date "2009.02.02"]
[Round "8"]
[White "Jens, Jelmer"]
[Black "Renette, Hans"]
[Result "1/2-1/2"]
[WhiteElo "2379"]
[BlackElo "2281"]
[PlyCount "60"]
[EventDate "2008.10.05"]
[EventType "team-tourn"]
[EventRounds "11"]
[EventCountry "BEL"]
[SourceTitle "EXT 2010"]
[Source "ChessBase"]
[SourceDate "2010.11.25"]
[SourceVersion "1"]
[SourceVersionDate "2010.11.25"]
[SourceQuality "1"]
[WhiteTeam "Bredene II"]
[BlackTeam "Liege Crelel"]
[WhiteTeamCountry "BEL"]
[BlackTeamCountry "BEL"]

1. e4 e5 2. Nf3 Nc6 3. Bb5 a6 4. Ba4 Nf6 5. 0-0 Be7 6. Qe2 b5 7. Bb3 0-0 8. c3 d6 9. d4 Bg4 10. Rd1 Qd7 11. h3 Bh5 12. Bg5 Rae8 13. d5 Na5 14. Bxf6 Bxf6 15. Bc2 Nc4 16. b3 Nb6 17. a4 bxa4 18. bxa4 a5 19. Nbd2 c6 20. Qa6 Rb8 21. Qxa5 cxd5 22. exd5 Rfc8 23. g4 Bxg4 24. hxg4 e4 25. Bxe4 Qxg4+ 26. Kf1 Bxc3 27. Qa6 Qh3+ 28. Kg1 Qg4+ 29. Kf1 Qh3+ 30. Kg1 Qg4+ 1/2-1/2

[Event "BEL-chT 0809"]
[Site "Belgium"]
[Date "2009.01.18"]
[Round "7.5"]
[White "Van den Brande, Werner"]
[Black "Renette, Hans"]
[Result "0-1"]
[WhiteElo "2284"]
[BlackElo "2281"]
[PlyCount "72"]
[EventDate "2008.10.05"]
[EventType "team-tourn"]
[EventRounds "11"]
[EventCountry "BEL"]
[SourceTitle "EXT 2010"]
[Source "ChessBase"]
[SourceDate "2010.11.25"]
[SourceVersion "1"]
[SourceVersionDate "2010.11.25"]
[SourceQuality "1"]
[WhiteTeam "Borgerhout"]
[BlackTeam "Liege Crelel"]
[WhiteTeamCountry "BEL"]
[BlackTeamCountry "BEL"]

1. e4 e5 2. Nf3 Nc6 3. d4 exd4 4. Nxd4 Bc5 5. Nxc6 Qf6 6. Qf3 bxc6 7. Nd2 d6 8. Bd3 Bd4 9. 0-0 Ne7 10. c3 Be5 11. Qe2 Ng6 12. g3 Bh3 13. f4 Bxf1 14. Nxf1 Nxf4 15. gxf4 Bxf4 16. Bxf4 Qxf4 17. Ne3 0-0 18. Kh1 Rae8 19. Rf1 Qh6 20. Ng4 Qh4 21. Qf3 Kh8 22. Rg1 Re6 23. Rg3 g6 24. Bc4 d5 25. exd5 Re1+ 26. Kg2 h5 27. Qf2 Re4 28. Qc5 Rfe8 29. Nf2 Rxc4 30. Qxa7 cxd5 31. b3 Rc6 32. Qa5 Qd8 33. Qb4 Re2 34. Qd4+ Qf6 35. Qa7 Ra6 36. Qb8+ Kg7 0-1